El sueño de El Dorado (Record no. 7497)
[ view plain ]
| 000 -CABECERA | |
|---|---|
| campo de control de longitud fija | 01161nam a2200277 a 4500 |
| 001 - NÚMERO DE CONTROL | |
| campo de control | BRCA_7823 |
| 005 - FECHA Y HORA DE LA ÚLTIMA TRANSACCIÓN | |
| campo de control | 20190320210019.0 |
| 008 - DATOS DE LONGITUD FIJA--INFORMACIÓN GENERAL | |
| campo de control de longitud fija | 221013s2012----sp-a######---#000-0#spa-# |
| 020 ## - NÚMERO INTERNACIONAL ESTÁNDAR DEL LIBRO | |
| Número Internacional Estándar del Libro | 9788497736367 |
| 041 ## - CÓDIGO DE LENGUA | |
| Código de lengua del texto/banda sonora o título independiente | spa |
| 044 ## - CÓDIGO DEL PAÍS DE LA ENTIDAD EDITORA/PRODUCTORA | |
| Código MARC del país | sp |
| 050 #4 - SIGNATURA TOPOGRÁFICA DE LA BIBLIOTECA DEL CONGRESO | |
| Número de clasificación | NK7114 |
| Número de documento/Ítem | .S84 2012 |
| 245 10 - MENCIÓN DE TÍTULO | |
| Título | El sueño de El Dorado |
| Resto del título | estudios sobre la plata iberoamericana (siglos XVI-XIX) |
| Mención de responsabilidad, etc. | coordinadores Jesús Paniagua Pérez, Nuria Salazar Simarro, Moisés Gámez. |
| 260 ## - PUBLICACIÓN, DISTRIBUCIÓN, ETC. | |
| Lugar de publicación, distribución, etc. | León, España : México |
| Nombre del editor, distribuidor, etc. | Universidad de León : INAH |
| Fecha de publicación, distribución, etc. | 2012 |
| 300 ## - DESCRIPCIÓN FÍSICA | |
| Extensión | 470 p. |
| Otras características físicas | il. (algunas a color), mapas, planos, tablas |
| Dimensiones | 30 cm. |
| 500 ## - NOTA GENERAL | |
| Nota general | incluye índice onomástico y geográfico |
| 500 ## - NOTA GENERAL | |
| Nota general | Donado por Jesús Paniagua, 4 oct., 2013 |
| 504 ## - NOTA DE BIBLIOGRAFÍA, ETC. | |
| Nota de bibliografía, etc. | Incluye referencias bibliográficas |
| 650 14 - PUNTO DE ACCESO ADICIONAL DE MATERIA--TÉRMINO DE MATERIA | |
| Término de materia o nombre geográfico como elemento de entrada | Plata |
| Subdivisión general | Historia |
| Subdivisión cronológica | Siglo XVI-XIX |
| Subdivisión geográfica | América Latina |
| 9 (RLIN) | 19376 |
| 650 14 - PUNTO DE ACCESO ADICIONAL DE MATERIA--TÉRMINO DE MATERIA | |
| Término de materia o nombre geográfico como elemento de entrada | Plata |
| Subdivisión general | Minas y extracción |
| Subdivisión cronológica | Siglo XVI-XIX |
| Subdivisión geográfica | América Latina |
| 9 (RLIN) | 19377 |
| 650 14 - PUNTO DE ACCESO ADICIONAL DE MATERIA--TÉRMINO DE MATERIA | |
| Término de materia o nombre geográfico como elemento de entrada | Orfebrería |
| Subdivisión general | Historia |
| Subdivisión cronológica | Siglo XVI-XIX |
| Subdivisión geográfica | América Latina |
| 9 (RLIN) | 19378 |
| 700 1# - PUNTO DE ACCESO ADICIONAL--NOMBRE DE PERSONA | |
| Nombre de persona | Paniagua Pérez, Jesús |
| Término indicativo de función/relación | coord. |
| 9 (RLIN) | 2812 |
| 700 1# - PUNTO DE ACCESO ADICIONAL--NOMBRE DE PERSONA | |
| Nombre de persona | Salazar Simarro, Nuria |
| Término indicativo de función/relación | coord. |
| 9 (RLIN) | 7071 |
| 700 1# - PUNTO DE ACCESO ADICIONAL--NOMBRE DE PERSONA | |
| Nombre de persona | Gámez, Moisés |
| Término indicativo de función/relación | coord. |
| 9 (RLIN) | 19379 |
| 942 ## - ELEMENTOS DE PUNTO DE ACCESO ADICIONAL (KOHA) | |
| Fuente del sistema de clasificación o colocación | Library of Congress Classification |
| Tipo de ítem Koha | Libros |
| Estado de retiro | Estado de pérdida | Estado dañado | No para préstamo | Localización permanente | Ubicación/localización actual | Fecha de adquisición | Total de préstamos | Signatura topográfica completa | Código de barras | Fecha visto por última vez | Precio válido a partir de | Tipo de ítem Koha |
|---|---|---|---|---|---|---|---|---|---|---|---|---|
| El ejemplar forma parte de la colección y puede ser consultado según las políticas vigentes. | Biblioteca del Museo Franz Mayer (Rogerio Casas-Alatriste) | Biblioteca del Museo Franz Mayer (Rogerio Casas-Alatriste) | 22/10/2013 | NK7114 .S84 2012 | 02773 | 22/03/2019 | 22/03/2019 | Libros |